000 00891 a2200217 4500
001 43165
005 20260407155715.0
008 260407a2008 arg spa d
003 AR-UNSa-BCEJYS
040 _aAR-UNSa-BCEJYS
_bspa
_cAR-UNSa-BCEJYS
080 _a342(09)
_xHistoria Constitucional
245 1 0 _aEn cumplimiento de pactos preexistentes
_porganización institucional argentina (1820-1853)
020 _a978-950-34-0464-5
264 1 _aLa Plata :
_b(EDULP) Editorial de la Universidad Nacional de la Plata
_c2008
300 _a132 p.
_c21 cm.
505 _a1. Pacto de Pilar - 2. Pacto de Benegas - 3. Tratado del Cuadrilátero - 4. Convenciones de Cañuelas y Barracas - 5. Pacto Federal - 6. Acuerdo de San Nicolás - 7. Constitución de la Nación Argentina
041 _aspa
942 _cBK
590 _aniveau_biblio:m niveau_hierar:0
100 1 _aMoreno, Guillermo Raúl
999 _c3654
_d3654